<?xml version="1.0" encoding="UTF-8"?>
<record
    xmlns:xsi="http://www.w3.org/2001/XMLSchema-instance"
    xsi:schemaLocation="http://www.loc.gov/MARC21/slim http://www.loc.gov/standards/marcxml/schema/MARC21slim.xsd"
    xmlns="http://www.loc.gov/MARC21/slim">

  <leader>01961nam a22002297a 4500</leader>
  <controlfield tag="005">20220319115958.0</controlfield>
  <controlfield tag="008">220319b           ||||| |||| 00| 0 eng d</controlfield>
  <datafield tag="020" ind1=" " ind2=" ">
    <subfield code="a">9788170283201</subfield>
  </datafield>
  <datafield tag="040" ind1=" " ind2=" ">
    <subfield code="c">Aloy</subfield>
  </datafield>
  <datafield tag="041" ind1=" " ind2=" ">
    <subfield code="a">hin</subfield>
  </datafield>
  <datafield tag="082" ind1=" " ind2=" ">
    <subfield code="2">23</subfield>
    <subfield code="a">H891.3</subfield>
    <subfield code="b">KAMK</subfield>
  </datafield>
  <datafield tag="100" ind1=" " ind2=" ">
    <subfield code="a">Kamleshwar: &#x915;&#x92E;&#x932;&#x947;&#x936;&#x94D;&#x935;&#x930; </subfield>
    <subfield code="9">24265</subfield>
  </datafield>
  <datafield tag="245" ind1=" " ind2=" ">
    <subfield code="a">Kitne Pakistan:  &#x915;&#x93F;&#x924;&#x928;&#x947; &#x92A;&#x93E;&#x915;&#x93F;&#x938;&#x94D;&#x924;&#x93E;&#x928; </subfield>
  </datafield>
  <datafield tag="260" ind1=" " ind2=" ">
    <subfield code="a">Delhi</subfield>
    <subfield code="b">Rajpal &amp; Sons</subfield>
    <subfield code="c">2020</subfield>
  </datafield>
  <datafield tag="300" ind1=" " ind2=" ">
    <subfield code="a">xii,363 p.</subfield>
    <subfield code="b">HB</subfield>
    <subfield code="c">23x14 cm.</subfield>
  </datafield>
  <datafield tag="365" ind1=" " ind2=" ">
    <subfield code="2">Hindi</subfield>
    <subfield code="a">6475</subfield>
    <subfield code="b">440.00</subfield>
    <subfield code="c">&#x20B9;</subfield>
    <subfield code="d">550.00</subfield>
    <subfield code="e">20%</subfield>
    <subfield code="f">12-03-2022</subfield>
  </datafield>
  <datafield tag="520" ind1=" " ind2=" ">
    <subfield code="a">&#x915;&#x92E;&#x932;&#x947;&#x936;&#x94D;&#x935;&#x930; &#x939;&#x93F;&#x928;&#x94D;&#x926;&#x940; &#x938;&#x93E;&#x939;&#x93F;&#x924;&#x94D;&#x92F; &#x915;&#x947; &#x91C;&#x93E;&#x928;&#x947;-&#x92E;&#x93E;&#x928;&#x947; &#x932;&#x947;&#x916;&#x915; &#x939;&#x948;&#x902; &#x91C;&#x93F;&#x928;&#x94D;&#x939;&#x94B;&#x902;&#x928;&#x947; &#x905;&#x928;&#x947;&#x915; &#x909;&#x92A;&#x928;&#x94D;&#x92F;&#x93E;&#x938; &#x914;&#x930; &#x915;&#x939;&#x93E;&#x928;&#x93F;&#x92F;&#x93E;&#x901; &#x932;&#x93F;&#x916;&#x928;&#x947; &#x915;&#x947; &#x938;&#x93E;&#x925; &#x939;&#x940; &#x92B;&#x93F;&#x932;&#x94D;&#x92E;&#x94B;&#x902;, &#x91F;&#x940;.&#x935;&#x940;. &#x914;&#x930; &#x930;&#x947;&#x921;&#x93F;&#x92F;&#x94B; &#x915;&#x947; &#x932;&#x93F;&#x90F; &#x92D;&#x940; &#x92A;&#x94D;&#x930;&#x92D;&#x93E;&#x935;&#x936;&#x93E;&#x932;&#x940; &#x922;&#x902;&#x917; &#x938;&#x947; &#x932;&#x93F;&#x916;&#x93E;&#x964; &#x909;&#x928;&#x915;&#x947; &#x938;&#x93E;&#x939;&#x93F;&#x924;&#x94D;&#x92F; &#x905;&#x915;&#x93E;&#x926;&#x92E;&#x940; &#x938;&#x947; &#x92A;&#x941;&#x930;&#x938;&#x94D;&#x915;&#x943;&#x924; &#x909;&#x92A;&#x928;&#x94D;&#x92F;&#x93E;&#x938; '&#x915;&#x93F;&#x924;&#x928;&#x947; &#x92A;&#x93E;&#x915;&#x93F;&#x938;&#x94D;&#x924;&#x93E;&#x928;' &#x915;&#x93E; &#x905;&#x928;&#x941;&#x935;&#x93E;&#x926; &#x905;&#x928;&#x947;&#x915; &#x92D;&#x93E;&#x930;&#x924;&#x940;&#x92F; &#x914;&#x930; &#x935;&#x93F;&#x926;&#x947;&#x936;&#x940; &#x92D;&#x93E;&#x937;&#x93E;&#x913;&#x902; &#x92E;&#x947;&#x902; &#x939;&#x94B; &#x91A;&#x941;&#x915;&#x93E; &#x939;&#x948;&#x964; &#x932;&#x947;&#x916;&#x915; &#x939;&#x94B;&#x928;&#x947; &#x915;&#x947; &#x938;&#x93E;&#x925; &#x915;&#x92E;&#x932;&#x947;&#x936;&#x94D;&#x935;&#x930; &#x90F;&#x915; &#x92A;&#x924;&#x94D;&#x930;&#x915;&#x93E;&#x930; &#x92D;&#x940; &#x925;&#x947; &#x91C;&#x93F;&#x928;&#x94D;&#x939;&#x94B;&#x902;&#x928;&#x947; &#x915;&#x908; &#x935;&#x930;&#x94D;&#x937;&#x94B;&#x902; &#x924;&#x915; '&#x938;&#x93E;&#x930;&#x93F;&#x915;&#x93E;', '&#x926;&#x948;&#x928;&#x93F;&#x915; &#x91C;&#x93E;&#x917;&#x930;&#x923;' &#x924;&#x925;&#x93E; &#x905;&#x928;&#x94D;&#x92F; &#x92A;&#x924;&#x94D;&#x930;-&#x92A;&#x924;&#x94D;&#x930;&#x93F;&#x915;&#x93E;&#x913;&#x902; &#x915;&#x940; &#x90F;&#x915; &#x938;&#x902;&#x92A;&#x93E;&#x926;&#x915; &#x915;&#x947; &#x930;&#x942;&#x92A; &#x92E;&#x947;&#x902; &#x92C;&#x93E;&#x917;&#x921;&#x94B;&#x930; &#x938;&#x902;&#x92D;&#x93E;&#x932;&#x940; &#x914;&#x930; &#x909;&#x938;&#x947; &#x938;&#x92B;&#x932;&#x924;&#x93E;&#x92A;&#x942;&#x930;&#x94D;&#x935;&#x915; &#x928;&#x93F;&#x92D;&#x93E;&#x92F;&#x93E; &#x92D;&#x940;&#x964;</subfield>
  </datafield>
  <datafield tag="650" ind1=" " ind2=" ">
    <subfield code="a">Hindi Fiction:  &#x939;&#x93F;&#x902;&#x926;&#x940; &#x915;&#x939;&#x93E;&#x928;&#x940;</subfield>
    <subfield code="9">24247</subfield>
  </datafield>
  <datafield tag="650" ind1=" " ind2=" ">
    <subfield code="a">Hindi Literature: &#x939;&#x93F;&#x902;&#x926;&#x940; &#x938;&#x93E;&#x939;&#x93F;&#x924;&#x94D;&#x92F; </subfield>
    <subfield code="9">24248</subfield>
  </datafield>
  <datafield tag="700" ind1=" " ind2=" ">
    <subfield code="a">KAMLESHWAR: &#x915;&#x92E;&#x932;&#x947;&#x936;&#x94D;&#x935;&#x930; </subfield>
    <subfield code="9">24246</subfield>
  </datafield>
  <datafield tag="942" ind1=" " ind2=" ">
    <subfield code="2">ddc</subfield>
    <subfield code="c">BK</subfield>
  </datafield>
  <datafield tag="999" ind1=" " ind2=" ">
    <subfield code="c">221955</subfield>
    <subfield code="d">221955</subfield>
  </datafield>
  <datafield tag="952" ind1=" " ind2=" ">
    <subfield code="0">0</subfield>
    <subfield code="1">0</subfield>
    <subfield code="2">ddc</subfield>
    <subfield code="4">0</subfield>
    <subfield code="7">0</subfield>
    <subfield code="8">HIN</subfield>
    <subfield code="a">AL</subfield>
    <subfield code="b">AL</subfield>
    <subfield code="d">2022-03-16</subfield>
    <subfield code="e">Biblios Book Point, Surathkal, Mangalore-575014</subfield>
    <subfield code="g">440.00</subfield>
    <subfield code="l">1</subfield>
    <subfield code="o">H891.3 KAMK</subfield>
    <subfield code="p">075710</subfield>
    <subfield code="r">2025-12-20 10:55:56</subfield>
    <subfield code="s">2025-12-18</subfield>
    <subfield code="v">550.00</subfield>
    <subfield code="w">2022-03-19</subfield>
    <subfield code="y">BK</subfield>
  </datafield>
</record>
